000 00494pab a2200157 454500
008 180718b2014 xxu||||| |||| 00| 0 eng d
100 _aMishra, Manoj Kumar
245 _aInequality in educational opportunity in India: a case of social exclusion
260 _c2014
300 _ap.92-112.
362 _aApr-Dec
650 _aEducational Opportunities - India
650 _aEducational opportunities
773 _aIASSI Quarterly - Contribution to Indian Social Science
909 _a109119
999 _c109114
_d109114